000
00199 a2200097 4500
001
8038
100
_a
Muuus, F B
245
_a
The spark and the flame
260
_a
_b
Museum
_c
090
_c
6444
_d
6444
942
_a
NUST-CAE
_c
M
_c
32983
999
_c
243111
_d
243111